| 000 | 00660nam a22001697a 4500 | ||
|---|---|---|---|
| 005 | 20251108165324.0 | ||
| 008 | 250721s1967 xx 000 0 ara d | ||
| 082 | 1 | 4 | _a956.62/مكي |
| 100 | 1 | _aالمكي، قطب الدين محمد بن أحمد النهزوالي | |
| 245 | 1 | 0 |
_aالبرق اليماني في الفتح العثماني : _bتاريخ اليمن في القرن العاشر الهجري مع توسع في أخبار الجراكسه و العثمانين / |
| 264 | 1 |
_aالرياض : _bدار اليمامه، _c1967. |
|
| 300 | _a543ص | ||
| 650 | 1 | 7 | _aاليمن |
| 650 | 1 | 7 | _aالتاريخ |
| 942 |
_2ddc _cBK |
||
| 999 |
_c25050 _d25050 |
||